Pokémon avec étymologie numérique - Statistiques

Statistiques générales
  • Ce quiz a été pris 151 fois
    80 depuis la dernière actualisation
  • Le résultat moyen est 13 sur 17
Statistiques - réponses
# Pokémon Nombre % Correct
634 Ténèbres Dragon Diamat 2
92%
85 Vol Normal Dodrio 3
92%
84 Vol Normal Doduo 2
92%
633 Ténèbres Dragon Solochi 1
92%
960 Eau Triopikeau 3
92%
635 Ténèbres Dragon Trioxhydre 3
92%
150 Psy Mewtwo 2
90%
51 Sol Triopikeur 3
90%
679 Acier Spectre Monorpale 1
84%
680 Acier Spectre Dimoclès 2
81%
615 Glace Hexagel 6
71%
415 Insecte Vol Apitrini 3
65%
793 Roche Poison Zéroïd 0
61%
870 Combat Hexadron 6
60%
982 Normal Deusolourdo 2
56%
233 Normal Porygon2 2
55%
772 Normal Type:0 0
47%
Aucun quiz correspondant
Distribution des résultats
% des personnes avec chaque résultat
Percentile par nombre de réponses
Votre historique - résultats
Vous n’avez pas pris ce quiz depuis la dernière actualisation